000 02437cam a22004814i 4500
003 PE-LiUPU
005 20250731173421.0
008 150706s2006 oru r 000 0 spa d
020 _a9781599791067
035 _a(Sirsi) i9781599791067
040 _aPE-LiUPU
_bspa
_cPE-LiUPU
_erda
049 _aPRUA
082 0 4 _a261.835766
_bCh18
_221
100 1 _aChambers, Alan,
_eautor.
245 1 3 _aLa gracia de Dios y el vecino homosexual :
_bcómo llegar al corazón de hombres y mujeres gays de su comunidad /
_cAlan Chambers, traducido por Belmonte traductores.
264 1 _aEugene, Oregón :
_bCasa Creación,
_c2006.
300 _a270 páginas ;
_c22 centímetros
336 _atext
_2rdacontent
337 _aunmediated
_2rdamedia
338 _avolume
_2rdacarrier
500 _aSubtítulo tomado de la cubierta.
505 0 _a¿Qué pasamos por alto sobre la homosexualidad? -- Desmitificar la homosexualidad -- Desarrollar una actitud como la de Cristo hacia los homosexuales -- ¿Es posible el cambio? -- ¿Cuán cordiales somos con los homosexuales? -- Pecadores en las manos de una iglesia enojada -- Fuera del armario y dentro de la iglesia -- Lo primero es lo primero -- Entender los tres grados de la homosexualidad -- ¿Volverse o quemarse? cinco cosas que no hay que hacer -- Llegar más lejos -- ¿Qué piensa nuestra juventud sobre la homosexualidad? -- Ministerio de mujeres lesbianas -- Veinticinco preguntas y respuestas sobre el ministerio de los gays -- Cinco historias de transformación -- Unas palabras finales para la iglesia.
526 _aSEG42
526 _aSEG41
526 _aSEG40
526 _aSEG39
526 _aP94
526 _aP87
526 _aP86
526 _aP85
526 _aP77
526 _aP76
526 _aP35
541 _g001-0000589;
650 0 4 _aTrabajo de iglesia con gays.
650 0 4 _aHomosexualidad
_xCristianismo.
910 _agl
_bjv
_clch
_d20120625
942 _2ddc
_cBOOK
949 _a261.835766 CH18
_wDEWEY
_c1
_i64945
_lCCODEBUL1
_mBUL
_p13.00
_r0
_sY
_tBOOK
_u2015-7-6
_xTEOLOGIA
_PP35
_o.STAFF. Colección Teología
994 _aC0
_bPEPRU
596 _a1
999 _a261.835766 CH18
_wDEWEY
_c53654
_i64945
_d53654
_e2019-8-26
_f2021-11-10
_g5
_lCCODEBUL1
_mBUL
_n4
_p13.00
_q4
_r0
_sY
_tBOOK
_u2015-7-6
_xTEOLOGIA
_PP35
_0COMPRA
_o.STAFF. Colección Teología
980 _81
_gALBERTO SANCHEZ Responsable de Automatización